1437 1465 1239 1395 1711 1883 1749 1919 1437 1501 1963 1558 1539 1767 1875 1511 1823 1494 1523 1296 1670 1666 1455 1192 1793 1966 1239 1361 1072 1967 1495 1259 1452 1380 1642 1209 1856 1730 1460 1203 1615 1008 1693 1632 1497 1713 1074 1309 1725 1502 1365 1679 1586 1532 1329 1299 1904 1798 1677 1362 1028 1165 1046 1630 1163 1138 1843 1749 1224 1475 1016 1499 1082 1517 1727 1934 1954 1858 1574 1772 1619 1264 1727 1890 1295 1505 1139 1231 1301 1983 1626 1783 1015 1579 1127 1325 1260 1207 1603 BCNSPRNW ULIB Ver.6.0+V

เปลี่ยนเป็นภาษาไทย

Change to English
 แสดงรายละเอียดบรรณานุกรม
  กลับหน้าหลัก

Brief Record : Get Marc (ISO 2709) : E-mail record : QR code < ปิดหน้าต่าง
LEADER : 00000nam 2200000uu 4500
001    13399127954
003     ULIB
008    211117s2563||||th 000 0 tha d
020 ^- ^a9786160040995
050 ^- ^aนว.^bฌ652ล
100 0^ ^aเฌอนมไข่มุก.
245 10 ^aเล่ห์รักเมฆา /^cเฌอนมไข่มุก.
250 ^- ^aพิมพ์ครั้งแรก.
260 ^- ^aกรุงเทพฯ :^bSugar Beat,^c2563
300 ^- ^a608 หน้า.
945    ^p420^l0^i008543
999    ^aประนอม เกษจรัล
รายการนี้ยังไม่มีแท็ก
คุณยังไม่ได้ล็อกอิน คุณสามารถมีกิจกรรมร่วมกับเว็บไซต์ได้ แต่ต้องล็อกอินก่อน ::
  ล็อกอิน

รายการสื่อสารสนเทศ

ลำดับที่ ประเภท เลขเรียก/บาร์โค้ด สถานที่ สถานะ
1. นวนิยาย
นวนิยาย
นว. ฌ652ล ฉ.1 
  Barcode: 008543
ห้องสมุดวิทยาเขตสวรรค์ประชารักษ์
►นวนิยาย
ถูกยืม กำหนดส่งวันที่ 10 สิงหาคม 2566
  จอง

รายการใกล้เคียง
    ผู้แต่ง [เฌอนมไข่มุก.]

BibComment


ยังไม่เคยถูกคอมเมนท์

คอมเมนท์ทรัพยากรรายการนี้
  คอมเมนท์: เล่ห์รักเมฆา เฌ..


 Copyright 2026. Bcnsprnw @Library